[Event "ODJM B 2024"]
[Site "Willingen GER"]
[Date "2024.05.25"]
[Round "9"]
[White "Greiner, Jan Oluf"]
[Black "Jähnert, Jamie Mares"]
[Result "1-0"]
[Termination "normal"]
[Board "56"]
[WhiteElo "1634"]
[BlackElo "1503"]
[WhiteClock "00:21:17"]
[BlackClock "01:05:45"]
[PlyCount "61"]
[WhiteFideId "34632069"]
[BlackFideId "34609156"]
[EventCountry "GER"]
[EventRounds "9"]
[EventType "swiss"]
[EventDate "2024.05.18"]

1. c4 {[%clk 01:30:57]} {[%emt 00:00:02]} c6 {[%clk 01:30:54]} {[%emt
00:00:07]} 2. Nc3 {[%clk 01:31:19]} {[%emt 00:00:08]} d5 {[%clk 01:31:17]}
{[%emt 00:00:07]} 3. e3 {[%clk 01:31:41]} {[%emt 00:00:08]} Nf6 {[%clk
01:31:37]} {[%emt 00:00:10]} 4. d4 {[%clk 01:31:46]} {[%emt 00:00:24]} e6
{[%clk 01:31:36]} {[%emt 00:00:31]} 5. g3 {[%clk 01:32:01]} {[%emt 00:00:15]}
Be7 {[%clk 01:31:38]} {[%emt 00:00:29]} 6. cxd5 {[%clk 01:32:24]} {[%emt
00:00:06]} cxd5 {[%clk 01:31:56]} {[%emt 00:00:12]} 7. Bg2 {[%clk 01:32:37]}
{[%emt 00:00:17]} Nc6 {[%clk 01:31:44]} {[%emt 00:00:43]} 8. Nf3 {[%clk
01:32:48]} {[%emt 00:00:18]} O-O {[%clk 01:31:56]} {[%emt 00:00:18]} 9. O-O
{[%clk 01:33:09]} {[%emt 00:00:08]} Re8 {[%clk 01:31:51]} {[%emt 00:00:36]} 10.
Re1 {[%clk 01:33:14]} {[%emt 00:00:25]} a6 {[%clk 01:30:50]} {[%emt 00:01:32]}
11. Bd2 {[%clk 01:29:19]} {[%emt 00:04:24]} Bd7 {[%clk 01:31:13]} {[%emt
00:00:07]} 12. e4 {[%clk 01:21:34]} {[%emt 00:08:14]} dxe4 {[%clk 01:30:33]}
{[%emt 00:01:10]} 13. Nxe4 {[%clk 01:21:54]} {[%emt 00:00:11]} Nd5 {[%clk
01:30:55]} {[%emt 00:00:08]} 14. Nc3 {[%clk 01:18:15]} {[%emt 00:04:09]} Nb6
{[%clk 01:28:22]} {[%emt 00:03:03]} 15. Be3 {[%clk 01:12:51]} {[%emt 00:05:52]}
Bf6 {[%clk 01:26:00]} {[%emt 00:02:53]} 16. Ne4 {[%clk 01:09:43]} {[%emt
00:03:38]} Be7 {[%clk 01:21:51]} {[%emt 00:04:40]} 17. a3 {[%clk 01:06:54]}
{[%emt 00:03:19]} Rc8 {[%clk 01:20:04]} {[%emt 00:02:17]} 18. b4 {[%clk
01:01:39]} {[%emt 00:05:44]} Na7 {[%clk 01:18:59]} {[%emt 00:01:36]} 19. Nc5
{[%clk 00:52:40]} {[%emt 00:09:28]} Bc6 {[%clk 01:17:23]} {[%emt 00:02:07]} 20.
Ne5 {[%clk 00:47:46]} {[%emt 00:05:24]} Bxg2 {[%clk 01:15:13]} {[%emt
00:02:40]} 21. Kxg2 {[%clk 00:48:09]} {[%emt 00:00:07]} f6 {[%clk 01:13:01]}
{[%emt 00:02:42]} 22. Ned3 {[%clk 00:44:03]} {[%emt 00:04:36]} Bxc5 {[%clk
01:09:15]} {[%emt 00:04:17]} 23. Nxc5 {[%clk 00:44:20]} {[%emt 00:00:12]} Qd5+
{[%clk 01:08:47]} {[%emt 00:00:58]} 24. Qf3 {[%clk 00:43:55]} {[%emt 00:00:55]}
Re7 {[%clk 01:08:11]} {[%emt 00:01:07]} 25. Qxd5 {[%clk 00:39:08]} {[%emt
00:05:16]} Nxd5 {[%clk 01:08:00]} {[%emt 00:00:40]} 26. Bd2 {[%clk 00:35:30]}
{[%emt 00:04:08]} Nc6 {[%clk 01:07:59]} {[%emt 00:00:32]} 27. Rxe6 {[%clk
00:31:07]} {[%emt 00:04:52]} Nxd4 {[%clk 01:06:27]} {[%emt 00:02:03]} 28. Rxe7
{[%clk 00:24:06]} {[%emt 00:07:31]} Nxe7 {[%clk 01:06:50]} {[%emt 00:00:07]}
29. Nxb7 {[%clk 00:23:27]} {[%emt 00:01:09]} Ne6 {[%clk 01:05:37]} {[%emt
00:01:43]} 30. Re1 {[%clk 00:20:56]} {[%emt 00:03:00]} Kf7 {[%clk 01:05:45]}
{[%emt 00:00:23]} 31. Nd6+ {[%clk 00:21:17]} {[%emt 00:00:09]} 1-0